[Event "Iberoamerican-ch 9th"]
[Site "Panama City"]
[Date "2023.11.27"]
[Round "4"]
[White "Pitty Rodriguez, Lucas Antonio"]
[Black "Barria, Blas"]
[Result "0-1"]
[WhiteElo "1152"]
[BlackElo "1780"]
[PlyCount "88"]
[EventDate "2023.11.25"]
[EventType "swiss"]
[EventRounds "9"]
[EventCountry "PAN"]
[SourceTitle "CB49_2023"]
[SourceDate "2023.12.06"]
[SourceVersion "1"]
[SourceVersionDate "2023.12.06"]
[SourceQuality "1"]

1. e4 c5 2. Nf3 a6 3. g3 Nc6 4. Bg2 e5 5. d3 d6 6. Be3 Nf6 7. Qd2 Be6 8. a3 Be7 9. 0-0 0-0 10. Nc3 d5 11. exd5 Nxd5 12. Nxd5 Bxd5 13. c4 Be6 14. Rfe1 f6 15. Kh1 Qd7 16. Ng1 Rad8 17. Rad1 Kh8 18. f4 Bg4 19. Nf3 b6 20. Rf1 Bd6 21. Rf2 Bc7 22. Bf1 Rfe8 23. Bg2 Qc8 24. Qc1 exf4 25. Bxf4 Nd4 26. Rdf1 Ne2 27. Qd2 Nxf4 28. gxf4 Qd7 29. Ne1 Bf5 30. Rf3 Re7 31. Rg3 Rde8 32. Rgf3 Re2 33. Qc3 Qd4 34. Qc1 Qxb2 35. Qxb2 Rxb2 36. Kg1 Ree2 37. R3f2 Rxf2 38. Rxf2 Rxf2 39. Kxf2 Bxf4 40. h4 Bd2 41. Be4 Bxe1+ 42. Kxe1 Bxe4 43. dxe4 b5 44. Kd2 h5 0-1

[Event "Panama op 4th"]
[Site "Panama City"]
[Date "2023.11.09"]
[Round "7"]
[White "Camargo Silva, Samir"]
[Black "Pitty Rodriguez, Lucas Antonio"]
[Result "1-0"]
[WhiteElo "1616"]
[BlackElo "1152"]
[PlyCount "83"]
[EventDate "2023.11.06"]
[EventType "swiss"]
[EventRounds "9"]
[EventCountry "PAN"]
[SourceTitle "CB46_2023"]
[SourceDate "2023.11.15"]
[SourceVersion "1"]
[SourceVersionDate "2023.11.15"]
[SourceQuality "1"]

1. e4 d6 2. d4 g6 3. Nc3 Bg7 4. Be3 Nf6 5. f3 b6 6. Qd2 0-0 7. h4 a5 8. Bh6 c6 9. h5 e6 10. g4 Qe7 11. Bd3 Nbd7 12. e5 dxe5 13. Bxg7 Kxg7 14. hxg6 fxg6 15. Qh6+ Kf7 16. g5 Nd5 17. Qxh7+ Ke8 18. Qxg6+ Kd8 19. Nxd5 cxd5 20. 0-0-0 exd4 21. Rh7 Ne5 22. Rxe7 Nxg6 23. Rh7 Nf4 24. Bb5 e5 25. Re1 Rf5 26. g6 Nxg6 27. Bd3 Rf6 28. Rh6 Kc7 29. Rxg6 Rxg6 30. Bxg6 Kd6 31. Ne2 Bd7 32. f4 exf4 33. Nxf4 Rc8 34. Kd2 a4 35. Ne2 Kc5 36. Nc1 Rf8 37. Re7 Rf2+ 38. Ke1 Rg2 39. Rxd7 Rxg6 40. Nd3+ Kc6 41. Ne5+ Kc5 42. Nxg6 1-0